| 000 | 00705nam a2200229 i 4500 | ||
|---|---|---|---|
| 001 | 135538 | ||
| 003 | ES-MaACL | ||
| 005 | 20250817062557.0 | ||
| 007 | t| | ||
| 008 | 070719s1972 sp ||||1| spa d | ||
| 080 | _a611.127 | ||
| 100 | 1 |
_aTorrent Guasp, Francisco. _9110837 |
|
| 245 | 1 | 3 |
_aEl músculo cardíaco / _cFrancisco Torrent Guasp. |
| 260 |
_aMadrid : _bGuadarrama, _c[1972] |
||
| 300 |
_a40 p., 46 lám. ; _c21 cm. |
||
| 490 | 1 | _aPub. de la Fundación Juan March | |
| 650 | 1 | 4 |
_aCorazón- _xAnatomía. _911363 |
| 710 | 2 |
_aFundación Juan March _94346 |
|
| 830 | 0 | 0 |
_aPublicaciones de la Fundación Juan March _9233016 |
| 852 |
_aES-MaACL _jC-45709 _bR.83928 |
||
| 999 |
_c135538 _d135538 |
||